The EU Mission Cities for 2030 - Statistics

General Stats
  • This quiz has been taken 45 times
  • The average score is 61 of 111
Answer Stats
Country Population City % Correct
Netherlands 936,000 Amsterdam
98%
Ireland 593,000 Dublin
93%
Greece 643,000 Athens
90%
Spain 1,686,000 Barcelona
90%
Romania 1,717,000 Bucharest
90%
Hungary 1,685,000 Budapest
90%
Denmark 1,379,000 Copenhagen
90%
Portugal 546,000 Lisbon
90%
Latvia 615,000 Riga
90%
Netherlands 672,000 Rotterdam
90%
Finland 684,000 Helsinki
88%
Turkey 15,245,000 Istanbul
88%
Spain 3,422,000 Madrid
88%
Germany 1,489,000 Munich
88%
France 2,114,000 Paris
88%
Portugal 232,000 Porto
88%
Italy 2,747,000 Rome
88%
Belgium 197,000 Brussels
86%
Sweden 339,000 Malmö
86%
France 877,000 Marseille
86%
Italy 1,366,000 Milan
86%
Norway 724,000 Oslo
86%
Slovakia 478,000 Bratislava
83%
Italy 362,000 Florence
83%
France 521,000 Lyon
83%
Iceland 136,000 Reykjavík
83%
Bulgaria 1,287,000 Sofia
83%
Netherlands 568,000 The Hague
83%
Spain 824,000 Valencia
83%
Belgium 545,000 Antwerp
81%
Italy 391,000 Bologna
81%
Sweden 605,000 Gothenburg
81%
Poland 801,000 Kraków
81%
Bosnia and Herzegovina 348,000 Sarajevo
81%
Sweden 989,000 Stockholm
81%
Italy 857,000 Turin
81%
Poland 1,862,000 Warsaw
81%
Ireland 223,000 Cork
79%
Slovenia 293,000 Ljubljana
79%
Turkey 2,948,000 Izmir
76%
Greece 310,000 Thessaloniki
76%
Denmark 296,000 Aarhus
74%
France 325,000 Nantes
74%
Spain 683,000 Seville
74%
Lithuania 602,000 Vilnius
74%
Croatia 664,000 Zagreb
74%
France 265,000 Bordeaux
71%
Finland 206,000 Turku
71%
Germany 598,000 Dortmund
69%
UK 632,000 Glasgow
69%
Poland 652,000 Łódź
67%
Montenegro 173,000 Podgorica
67%
Norway 217,000 Trondheim
67%
Spain 691,000 Zaragoza
67%
Germany 563,000 Dresden
64%
Germany 316,000 Mannheim
64%
Poland 673,000 Wrocław
64%
Germany 608,000 Leipzig
62%
UK 472,000 Bristol
60%
Finland 321,000 Espoo
60%
Romania 287,000 Cluj-Napoca
57%
France 160,000 Dijon
57%
Germany 264,000 Aachen
55%
Netherlands 249,000 Eindhoven
55%
Slovakia 225,000 Košice
55%
Netherlands 376,000 Utrecht
55%
France 156,000 Grenoble
52%
Cyprus 108,000 Limassol
50%
Norway 150,000 Stavanger
50%
Finland 260,000 Tampere
50%
Netherlands 245,000 Groningen
48%
Italy 199,000 Parma
48%
Estonia 95,000 Tartu
48%
Italy 121,000 Bergamo
40%
Spain 525,000 Valladolid
38%
Sweden 151,000 Helsingborg
33%
Austria 105,000 Klagenfurt
33%
Germany 248,000 Münster
31%
France 158,000 Angers
29%
Finland 121,000 Lahti
29%
Hungary 139,000 Pécs
29%
Sweden 133,000 Umeå
26%
Greece 58,000 Kalamata
24%
Belgium 104,000 Leuven
24%
Sweden 130,000 Lund
24%
Italy 191,000 Prato
24%
Czechia 104,000 Liberec
21%
Hungary 148,000 Miskolc
21%
Germany 155,000 Heidelberg
19%
Latvia 68,000 Liepāja
19%
Israel 53,000 Eilat
17%
Albania 67,000 Elbasan
17%
Sweden 88,000 Gävle
17%
Greece 65,000 Ioannina
17%
Slovenia 38,000 Kranj
17%
Malta 37,000 Gozo
14%
Poland 197,000 Rzeszów
14%
Luxembourg 30,000 Differdange
12%
Italy 204,000 Padova
12%
Portugal 118,000 Guimarães
10%
Finland 73,000 Lappeenranta
10%
Belgium 81,000 La Louvière
7%
Romania 84,000 Suceava
7%
Lithuania 21,000 Tauragė
7%
Greece 62,000 Trikala
5%
Spain 257,000 Vitoria-Gasteiz
5%
France 87,000 Dunkerque
2%
Greece 42,000 Kozani
2%
Denmark 28,000 Sønderborg
2%
Slovenia 34,000 Velenje
2%
Bulgaria 46,000 Gabrovo
0%
No matching quizzes found
Score Distribution
Percent of People with Each Score
Percentile by Number Answered
Your Score History
You have not taken this quiz